Lo que Cuba nos da, lo que nosotros le damos /
Na minha lista:
| Autor principal: | |
|---|---|
| Formato: | Desconhecido |
| Idioma: | Spanish |
| Assuntos: | |
| Tags: |
Adicionar Tag
Sem tags, seja o primeiro a adicionar uma tag!
|
MARC
| LEADER | 000000000a22000000004500 | ||
|---|---|---|---|
| 001 | 002314 | ||
| 041 | 0 | |a spa | |
| 100 | 1 | |a Marse, Juan | |
| 245 | 1 | 0 | |a Lo que Cuba nos da, lo que nosotros le damos / |c Juan Marse. |
| 310 | |a bimestral | ||
| 650 | 4 | |a REVOLUCION CUBANA | |
| 773 | 0 | |x 008-7157 |d Cuba : Editorial Casa de las Américas |t Casa de las Américas |g número 51-52 (1968-1969), página 53 | |
| 942 | |c ARC | ||
| 999 | |c 9834 |d 9834 | ||
